[Event "Titled Tuesday intern op 06th May Early"]
[Site "Chess.com INT"]
[Date "2025.05.06"]
[Round "5"]
[White "Devaev, Alexander"]
[Black "Ambartsumova, Karina"]
[Result "1/2-1/2"]
[WhiteElo "2306"]
[BlackElo "2403"]
[PlyCount "145"]
[EventDate "2025.05.06"]
[EventType "swiss (blitz)"]
[EventRounds "11"]
[EventCountry "USA"]
[SourceTitle "CB20_2025"]
[SourceDate "2025.05.14"]
[SourceVersion "1"]
[SourceVersionDate "2025.05.14"]
[SourceQuality "1"]

1. d4 Nf6 2. c4 e6 3. Nc3 d5 4. Nf3 Bb4 5. e3 0-0 6. a3 Be7 7. Bd3 Nbd7 8. 0-0 dxc4 9. Bxc4 c5 10. Qe2 b6 11. e4 cxd4 12. Nxd4 Bb7 13. Rd1 Qc8 14. f3 Ne5 15. Ba2 Bc5 16. Be3 Rd8 17. Ndb5 a6 18. Nd4 Qb8 19. Rac1 a5 20. Ncb5 Rd7 21. Nb3 Bxe3+ 22. Qxe3 Ba6 23. N5d4 Qe8 24. h3 Rad8 25. f4 Nc4 26. Qe2 a4 27. Na1 Rxd4 28. Rxd4 Rxd4 29. e5 Nd5 30. Bxc4 Nxf4 31. Qf1 Bxc4 32. Rxc4 Qd7 33. Rxd4 Qxd4+ 34. Kh1 g5 35. Qb1 Qxe5 36. Nc2 Ne2 37. Qe1 Ng3+ 38. Kg1 Qc5+ 39. Qf2 Qxf2+ 40. Kxf2 Ne4+ 41. Ke3 Nc5 42. Kd4 f6 43. Ne3 Kf7 44. Nc4 Nd7 45. Nd6+ Ke7 46. Ne4 h6 47. Nc3 Kd6 48. Nxa4 e5+ 49. Ke4 Ke6 50. Nc3 f5+ 51. Ke3 f4+ 52. Kf3 Kf5 53. Ne4 h5 54. g4+ fxg3 55. Nxg3+ Kg6 56. b4 Nf6 57. a4 g4+ 58. hxg4 hxg4+ 59. Ke3 Nd5+ 60. Ke4 Nxb4 61. Kxe5 Kg5 62. Kd6 Kf4 63. Ne2+ Ke3 64. Ng3 Kf3 65. Nh5 g3 66. Nxg3 Kxg3 67. Kc7 Nd5+ 68. Kd6 Nc3 69. Kc6 Nxa4 70. Kb5 Kf4 71. Kxa4 Ke5 72. Kb5 Kd6 73. Kxb6 1/2-1/2

[Event "Titled Tuesday intern op 06th May Early"]
[Site "Chess.com INT"]
[Date "2025.05.06"]
[Round "2"]
[White "Devaev, Alexander"]
[Black "Winslow, Elliott C"]
[Result "1-0"]
[WhiteElo "2306"]
[BlackElo "2004"]
[PlyCount "81"]
[EventDate "2025.05.06"]
[EventType "swiss (blitz)"]
[EventRounds "11"]
[EventCountry "USA"]
[SourceTitle "CB20_2025"]
[SourceDate "2025.05.14"]
[SourceVersion "1"]
[SourceVersionDate "2025.05.14"]
[SourceQuality "1"]

1. d4 Nf6 2. c4 g6 3. Nc3 Bg7 4. e4 d6 5. Nf3 0-0 6. h3 e5 7. d5 a5 8. Bg5 Na6 9. Be2 Bd7 10. g4 h6 11. Be3 Qe7 12. Nd2 Nc5 13. h4 Ne8 14. h5 g5 15. f3 c6 16. Kf2 Nc7 17. Nb3 cxd5 18. cxd5 b6 19. Qf1 a4 20. Nd2 Rfb8 21. Nb5 Nxb5 22. Bxb5 Qe8 23. Bxd7 Qxd7 24. Rc1 Rc8 25. Nc4 Rab8 26. Qe2 Bf6 27. Rc2 Bd8 28. Rhc1 b5 29. Nxe5 Nxe4+ 30. fxe4 dxe5 31. Rc6 Rxc6 32. Rxc6 f6 33. Kf3 Rc8 34. Qxb5 Rxc6 35. Qxc6 Qxc6 36. dxc6 Kf7 37. Bc5 Ke6 38. Ke3 Bc7 39. Kd3 Bd6 40. Kc4 Bc7 41. b4 1-0

[Event "Titled Tuesday intern op 06th May Early"]
[Site "Chess.com INT"]
[Date "2025.05.06"]
[Round "1"]
[White "Mikhailovsky, Vladimir"]
[Black "Devaev, Alexander"]
[Result "1-0"]
[WhiteElo "2215"]
[BlackElo "2306"]
[PlyCount "107"]
[EventDate "2025.05.06"]
[EventType "swiss (blitz)"]
[EventRounds "11"]
[EventCountry "USA"]
[SourceTitle "CB20_2025"]
[SourceDate "2025.05.14"]
[SourceVersion "1"]
[SourceVersionDate "2025.05.14"]
[SourceQuality "1"]

1. e4 c6 2. d4 d5 3. Nc3 dxe4 4. Nge2 Bf5 5. Ng3 e6 6. Ncxe4 Bg6 7. h4 h6 8. h5 Bh7 9. c3 Nd7 10. Bf4 Ndf6 11. f3 Nd5 12. Bd2 Ngf6 13. Qb3 Qb6 14. Bd3 Be7 15. Nxf6+ Nxf6 16. Ne4 0-0 17. Nxf6+ Bxf6 18. Bxh7+ Kxh7 19. Qc2+ Kg8 20. 0-0-0 c5 21. dxc5 Qxc5 22. g4 Rfd8 23. f4 Rd5 24. Rde1 Rad8 25. Be3 Qa5 26. Kb1 b5 27. g5 hxg5 28. h6 g6 29. h7+ Kh8 30. fxg5 Bg7 31. a3 Qc7 32. Qf2 Rf5 33. Qe2 a5 34. Rd1 b4 35. Rxd8+ Qxd8 36. cxb4 axb4 37. axb4 Qd5 38. Rd1 Qe4+ 39. Ka2 Qa8+ 40. Kb1 Qe4+ 41. Qc2 Qa8 42. Bb6 Kxh7 43. Qh2+ Kg8 44. Rd8+ Qxd8 45. Bxd8 Rb5 46. Bf6 Rxb4 47. Bxg7 Kxg7 48. Qd2 Re4 49. b4 e5 50. b5 Rd4 51. Qc3 f6 52. b6 Rd5 53. gxf6+ Kxf6 54. Qc6+ 1-0

[Event "Titled Tuesday intern op 25th Mar Early"]
[Site "Chess.com INT"]
[Date "2025.03.25"]
[Round "1"]
[White "Devaev, Alexander"]
[Black "Mahdavi, Reza"]
[Result "0-1"]
[WhiteElo "2306"]
[BlackElo "2436"]
[PlyCount "90"]
[EventDate "2025.03.25"]
[EventType "swiss (blitz)"]
[EventRounds "11"]
[EventCountry "USA"]
[SourceTitle "CB14_2025"]
[SourceDate "2024.11.01"]
[SourceVersion "1"]
[SourceVersionDate "2024.11.01"]
[SourceQuality "1"]

1. d4 Nf6 2. c4 g6 3. Nc3 Bg7 4. e4 d6 5. Nf3 0-0 6. h3 Nbd7 7. Bg5 e5 8. d5 h6 9. Be3 Nc5 10. Nd2 a5 11. g4 Nfd7 12. Be2 c6 13. h4 cxd5 14. cxd5 f5 15. gxf5 gxf5 16. exf5 Nf6 17. Rg1 Kh8 18. Qc2 Na6 19. a3 Bd7 20. Nc4 Qe7 21. Nb6 Rad8 22. 0-0-0 Be8 23. Kb1 Nh5 24. Ne4 Nf4 25. Bxa6 bxa6 26. Nc8 Qd7 27. Ncxd6 Bh5 28. Rd2 Qe7 29. f6 Bxf6 30. Nxf6 Qxf6 31. Ne4 Qf7 32. Ka1 Bg6 33. d6 Kh7 34. f3 Bf5 35. Qc5 Ng6 36. h5 Nh4 37. Qxe5 Nxf3 38. Qg3 Nxg1 39. Qxg1 Bxe4 40. Rf2 Qc4 41. Bf4 Rc8 42. Be5 Qc1+ 43. Qxc1 Rxc1+ 44. Ka2 Bd5+ 45. b3 Rxf2+ 0-1

[Event "Titled Tuesday intern op 11th Mar Early"]
[Site "Chess.com INT"]
[Date "2025.03.11"]
[Round "6"]
[White "Devaev, Alexander"]
[Black "Terlouw, Wouter"]
[Result "0-1"]
[WhiteElo "2306"]
[BlackElo "2092"]
[PlyCount "88"]
[EventDate "2025.03.11"]
[EventType "swiss (blitz)"]
[EventRounds "11"]
[EventCountry "USA"]
[SourceTitle "CB12_2025"]
[SourceDate "2025.03.19"]
[SourceVersion "1"]
[SourceVersionDate "2025.03.19"]
[SourceQuality "1"]

1. d4 d5 2. c4 e6 3. Nc3 Nf6 4. cxd5 exd5 5. Bg5 Be7 6. e3 0-0 7. Bd3 h6 8. Bh4 Nbd7 9. Nge2 b6 10. 0-0 Bb7 11. f3 c5 12. Bf2 Re8 13. Qd2 Bf8 14. Rad1 Qe7 15. Rfe1 Rad8 16. Bb1 a6 17. Ng3 b5 18. dxc5 Nxc5 19. Nce2 Ne6 20. Nf5 Qb4 21. Qc2 Rc8 22. Nc3 Qa5 23. a3 b4 24. axb4 Bxb4 25. Bh4 Ng5 26. Qf2 Bxc3 27. bxc3 Rxc3 28. Bxg5 hxg5 29. Qg3 Nh7 30. Nd6 Re7 31. Bxh7+ Kxh7 32. Qxg5 Qc7 33. Nf5 f6 34. Qh4+ Kg8 35. Nxe7+ Qxe7 36. Qd4 Rc4 37. Qb2 Bc6 38. h3 Bb5 39. Rd4 Qe5 40. Qd2 Rxd4 41. Qxd4 Qe6 42. e4 Bc4 43. exd5 Qxe1+ 44. Kh2 Qe5+ 0-1

[Event "Titled Tuesday intern op 11th Mar Early"]
[Site "Chess.com INT"]
[Date "2025.03.11"]
[Round "2"]
[White "Martine, Jean Christophe"]
[Black "Devaev, Alexander"]
[Result "0-1"]
[WhiteElo "2000"]
[BlackElo "2306"]
[PlyCount "122"]
[EventDate "2025.03.11"]
[EventType "swiss (blitz)"]
[EventRounds "11"]
[EventCountry "USA"]
[SourceTitle "CB12_2025"]
[SourceDate "2025.03.19"]
[SourceVersion "1"]
[SourceVersionDate "2025.03.19"]
[SourceQuality "1"]

1. c4 c5 2. Nc3 Nc6 3. Nf3 e6 4. g3 Nf6 5. Bg2 Be7 6. 0-0 0-0 7. a3 Rb8 8. Rb1 a6 9. d3 b5 10. cxb5 axb5 11. Nd2 b4 12. axb4 Nxb4 13. Nce4 Bb7 14. Nxf6+ Bxf6 15. Nc4 Bxg2 16. Kxg2 d5 17. Ne3 Nc6 18. b3 Rb5 19. Bd2 Qb6 20. Qc2 Rb8 21. Ng4 Be7 22. Bf4 Rb7 23. Rfc1 f6 24. e4 Nd4 25. Qd1 Nxb3 26. Rc3 d4 27. Rc2 Na5 28. Rxb5 Qxb5 29. h4 Qb1 30. Qxb1 Rxb1 31. Bc7 Nc6 32. f4 Nb4 33. Rd2 Rb3 34. Nf2 Kf7 35. e5 f5 36. Kf3 Nd5 37. Bd6 c4 38. Bxe7 Kxe7 39. g4 fxg4+ 40. Kxg4 c3 41. Ra2 c2 42. Ra7+ Kd8 43. Ra8+ Kd7 44. Ra7+ Kc8 45. Ra8+ Kb7 46. Rg8 c1Q 47. Rxg7+ Kc6 48. Ne4 Qxf4+ 49. Kh5 Qxe5+ 50. Kh6 Rxd3 51. Ng5 Ne3 52. Kxh7 Nf5 53. Rg6 Qc7+ 54. Kg8 Qc8+ 55. Kh7 Re3 56. h5 d3 57. h6 d2 58. Nxe6 Rxe6 59. Rxe6+ Qxe6 60. Kh8 Qxh6+ 61. Kg8 Qg7# 0-1

[Event "Titled Tuesday intern op 25th Feb Early"]
[Site "Chess.com INT"]
[Date "2025.02.25"]
[Round "6"]
[White "Devaev, Alexander"]
[Black "Akhmedinov, Satbek"]
[Result "0-1"]
[WhiteElo "2306"]
[BlackElo "2341"]
[PlyCount "76"]
[EventDate "2025.02.25"]
[EventType "swiss (blitz)"]
[EventRounds "11"]
[EventCountry "USA"]
[SourceTitle "CB10_2025"]
[SourceDate "2025.03.05"]
[SourceVersion "1"]
[SourceVersionDate "2025.03.05"]
[SourceQuality "1"]

1. d4 Nf6 2. c4 e6 3. Nc3 c5 4. d5 exd5 5. cxd5 d6 6. e4 g6 7. Nf3 Bg7 8. Bd3 0-0 9. h3 b5 10. Nxb5 Re8 11. Bg5 Qa5+ 12. Bd2 Qb6 13. 0-0 Nxe4 14. Re1 Bd7 15. a4 Nxd2 16. Nxd2 Na6 17. Nc4 Rxe1+ 18. Qxe1 Qd8 19. Nbxd6 Nb4 20. Qd2 Qh4 21. Bf1 Bd4 22. Re1 Rd8 23. Re4 Qh5 24. g4 Qxd5 25. Bg2 Be6 26. Re5 Qxe5 27. Nxe5 Bxe5 28. Qe2 Bxd6 29. h4 c4 30. h5 Nd3 31. h6 Nf4 32. Qe3 Nxg2 33. Kxg2 Bf8 34. g5 Rd3 35. Qxa7 Bd5+ 36. Kh2 Bd6+ 37. f4 Bxf4+ 38. Kg1 Be3+ 0-1

[Event "Titled Tuesday intern op 25th Feb Early"]
[Site "Chess.com INT"]
[Date "2025.02.25"]
[Round "7"]
[White "Devaev, Alexander"]
[Black "Altynbek, Aiaru"]
[Result "0-1"]
[WhiteElo "2306"]
[BlackElo "2005"]
[PlyCount "110"]
[EventDate "2025.02.25"]
[EventType "swiss (blitz)"]
[EventRounds "11"]
[EventCountry "USA"]
[SourceTitle "CB10_2025"]
[SourceDate "2025.03.05"]
[SourceVersion "1"]
[SourceVersionDate "2025.03.05"]
[SourceQuality "1"]

1. d4 d5 2. c4 e6 3. Nc3 Be7 4. Nf3 Nf6 5. cxd5 exd5 6. Bg5 c6 7. Qc2 g6 8. Bxf6 Bxf6 9. e3 Bf5 10. Bd3 Bxd3 11. Qxd3 0-0 12. 0-0 Nd7 13. b4 a6 14. a4 Nb6 15. b5 cxb5 16. axb5 a5 17. Rfc1 Qd6 18. Nd2 a4 19. g3 Rfc8 20. Na2 Be7 21. Kg2 h5 22. h4 Kg7 23. Nf3 Nc4 24. Rc2 Rc7 25. Rac1 Rac8 26. Rc3 Qe6 27. R1c2 b6 28. Nd2 Qd7 29. Nxc4 dxc4 30. Qe2 Qxb5 31. e4 Qc6 32. d5 Qb5 33. Qf3 Bf6 34. Re3 Qb1 35. Qe2 Bd4 36. Nc3 Bxc3 37. Rexc3 b5 38. d6 Rc6 39. e5 Qb4 40. Qf3 Qc5 41. Qf6+ Kg8 42. Rf3 Qd5 43. Rd2 Qe6 44. Qg5 c3 45. Rf6 cxd2 46. Rxe6 d1Q 47. d7 Qd5+ 48. Kh2 Qxe6 49. d8Q+ Rxd8 50. Qxd8+ Kg7 51. f4 Rc2+ 52. Kg1 Rc1+ 53. Kf2 Qa2+ 54. Ke3 Rc3+ 55. Kd4 Qd2+ 0-1

[Event "Titled Tuesday intern op 25th Feb Early"]
[Site "Chess.com INT"]
[Date "2025.02.25"]
[Round "1"]
[White "Devaev, Alexander"]
[Black "Nugroho, Angel Ruth"]
[Result "1-0"]
[WhiteElo "2306"]
[BlackElo "1907"]
[PlyCount "99"]
[EventDate "2025.02.25"]
[EventType "swiss (blitz)"]
[EventRounds "11"]
[EventCountry "USA"]
[SourceTitle "CB10_2025"]
[SourceDate "2025.03.05"]
[SourceVersion "1"]
[SourceVersionDate "2025.03.05"]
[SourceQuality "1"]

1. d4 d5 2. c4 e6 3. Nc3 Nf6 4. cxd5 exd5 5. Bg5 Be7 6. e3 h6 7. Bh4 0-0 8. Bd3 c6 9. f3 Nbd7 10. Nge2 Re8 11. 0-0 c5 12. Qd2 cxd4 13. exd4 Qb6 14. Bf2 Nf8 15. Nf4 Rd8 16. Rfe1 Be6 17. Re2 Rac8 18. Rae1 Bd6 19. Bg3 a6 20. Bb1 Bb4 21. Qd3 Bxc3 22. bxc3 Qc6 23. Rc1 Qc4 24. Qd2 Bd7 25. Bd3 Qc6 26. Re5 Re8 27. Ne2 Be6 28. Nf4 Bd7 29. h3 Ne6 30. Nxe6 Bxe6 31. Re3 Bd7 32. Rce1 Rxe3 33. Rxe3 Re8 34. Be5 Bc8 35. Bc2 Nd7 36. Qd3 g6 37. Bf4 Rxe3 38. Qxe3 Qe6 39. Bxh6 Nf6 40. Qxe6 Bxe6 41. Kf2 Ne8 42. Bf4 Kf8 43. h4 Ke7 44. g4 Ng7 45. Ke3 Kd7 46. Be5 Ne8 47. h5 gxh5 48. gxh5 f6 49. h6 Bg8 50. Bf4 1-0

[Event "Titled Tuesday intern op 25th Feb Early"]
[Site "Chess.com INT"]
[Date "2025.02.25"]
[Round "2"]
[White "Devaev, Alexander"]
[Black "Papasimakopoulos, Alexandros"]
[Result "0-1"]
[WhiteElo "2306"]
[BlackElo "2387"]
[PlyCount "76"]
[EventDate "2025.02.25"]
[EventType "swiss (blitz)"]
[EventRounds "11"]
[EventCountry "USA"]
[SourceTitle "CB10_2025"]
[SourceDate "2025.03.05"]
[SourceVersion "1"]
[SourceVersionDate "2025.03.05"]
[SourceQuality "1"]

1. d4 d5 2. c4 e6 3. Nc3 a6 4. cxd5 exd5 5. h3 c6 6. Qc2 g6 7. Bf4 Bd6 8. Bxd6 Qxd6 9. Qb3 Nd7 10. e3 Ne7 11. Bd3 a5 12. Nge2 Qb4 13. Qc2 Nf6 14. Ng3 h5 15. a3 Qd6 16. e4 dxe4 17. Ncxe4 Nxe4 18. Nxe4 Qxd4 19. 0-0-0 0-0 20. Bc4 Qe5 21. Rhe1 Bf5 22. f3 Rad8 23. Rxd8 Rxd8 24. Kb1 Rd4 25. Qb3 Nd5 26. Ka2 Bxe4 27. fxe4 Rxe4 28. Rc1 b5 29. Bxd5 Qxd5 30. Qxd5 cxd5 31. Rc5 Re2 32. g4 hxg4 33. hxg4 Rg2 34. Rxd5 Rxg4 35. Rxb5 a4 36. Kb1 Kg7 37. Kc2 Re4 38. Kd3 f5 0-1

[Event "Titled Tuesday intern op 25th Feb Early"]
[Site "Chess.com INT"]
[Date "2025.02.25"]
[Round "5"]
[White "Yilmaz, Baver"]
[Black "Devaev, Alexander"]
[Result "1-0"]
[WhiteElo "2207"]
[BlackElo "2306"]
[PlyCount "101"]
[EventDate "2025.02.25"]
[EventType "swiss (blitz)"]
[EventRounds "11"]
[EventCountry "USA"]
[SourceTitle "CB10_2025"]
[SourceDate "2025.03.05"]
[SourceVersion "1"]
[SourceVersionDate "2025.03.05"]
[SourceQuality "1"]

1. e4 c6 2. d4 d5 3. Nc3 dxe4 4. Nxe4 Bf5 5. Ng3 Bg6 6. h4 h6 7. Nf3 Nd7 8. h5 Bh7 9. Bd3 Bxd3 10. Qxd3 Qc7 11. Bd2 e6 12. 0-0-0 Ngf6 13. Qe2 0-0-0 14. Ne5 Nb6 15. Kb1 c5 16. c3 Bd6 17. f4 Kb8 18. Rc1 Rhe8 19. Rhd1 c4 20. Re1 Nfd5 21. Ne4 f5 22. Nxd6 Rxd6 23. g4 Nf6 24. g5 Ne4 25. Rg1 Nd7 26. gxh6 gxh6 27. Rg7 Qc8 28. Nxd7+ Rxd7 29. Rg6 Rh7 30. Be3 Qc6 31. Rcg1 Qb5 32. Qc2 a6 33. Ka1 Qd5 34. a3 Nd6 35. Bc1 Ree7 36. Rg8+ Ka7 37. Re1 Ne4 38. Reg1 Qd7 39. R1g6 Reg7 40. Qg2 Rxg8 41. Rxg8 Qf7 42. Be3 Qxh5 43. d5+ b6 44. Rg7+ Kb8 45. Rxh7 Qd1+ 46. Bc1 Qxc1+ 47. Ka2 Nd6 48. Qg8+ Nc8 49. Qf7 Nd6 50. Qc7+ Ka8 51. Qa7# 1-0

[Event "Titled Tuesday intern op 14th Jan Early"]
[Site "Chess.com INT"]
[Date "2025.01.14"]
[Round "7"]
[White "Belov, Alexei"]
[Black "Devaev, Alexander"]
[Result "1-0"]
[WhiteElo "2421"]
[BlackElo "2306"]
[PlyCount "97"]
[EventDate "2025.01.14"]
[EventType "swiss (blitz)"]
[EventRounds "11"]
[EventCountry "USA"]
[SourceTitle "CB04_2025"]
[SourceDate "2025.01.22"]
[SourceVersion "1"]
[SourceVersionDate "2025.01.22"]
[SourceQuality "1"]

1. e4 c6 2. d4 d5 3. Nd2 dxe4 4. Nxe4 Bf5 5. Ng3 Bg6 6. N1e2 e6 7. Nf4 Bd6 8. Ngh5 Bf8 9. c3 Nf6 10. Be2 Nxh5 11. Nxh5 Nd7 12. 0-0 Bxh5 13. Bxh5 Nf6 14. Bf3 Bd6 15. a4 0-0 16. a5 Qc7 17. g3 a6 18. b4 e5 19. dxe5 Bxe5 20. Qb3 Rad8 21. Be3 Rd3 22. Rac1 Nd5 23. Bxd5 Rxd5 24. Rcd1 Rfd8 25. Bb6 Rxd1 26. Bxc7 Rxf1+ 27. Kxf1 Bxc7 28. Qc4 g6 29. Qc5 Rd7 30. f4 Bd6 31. Qd4 Rd8 32. Qf6 Rd7 33. h4 Be7 34. Qe5 h5 35. Qb8+ Kg7 36. Qe8 Rc7 37. Ke2 Kf6 38. Kf3 Ke6 39. Ke4 Kf6 40. Kf3 Ke6 41. g4 hxg4+ 42. Kxg4 Kf6 43. Qh8+ Ke6 44. Qe5+ Kd7 45. f5 gxf5+ 46. Qxf5+ Ke8 47. h5 Bf8 48. Qe5+ Be7 49. Qxc7 1-0

[Event "Titled Tuesday intern op 14th Jan Early"]
[Site "Chess.com INT"]
[Date "2025.01.14"]
[Round "9"]
[White "Devaev, Alexander"]
[Black "Banerjee, Supratit"]
[Result "0-1"]
[WhiteElo "2306"]
[BlackElo "2172"]
[PlyCount "66"]
[EventDate "2025.01.14"]
[EventType "swiss (blitz)"]
[EventRounds "11"]
[EventCountry "USA"]
[SourceTitle "CB04_2025"]
[SourceDate "2025.01.22"]
[SourceVersion "1"]
[SourceVersionDate "2025.01.22"]
[SourceQuality "1"]

1. Nf3 Nf6 2. c4 g6 3. Nc3 Bg7 4. d4 0-0 5. e4 d6 6. h3 e5 7. d5 Nfd7 8. Bg5 f6 9. Bh4 a5 10. Be2 Na6 11. Nd2 Qe8 12. g4 Ndc5 13. Rg1 Kh8 14. Nb3 Nxb3 15. axb3 b6 16. Qd2 Nc5 17. Qc2 Bd7 18. f3 Bh6 19. Bf2 Na6 20. h4 Nb4 21. Qb1 f5 22. g5 Bg7 23. Qd1 Qf7 24. Bg3 Na6 25. Qd2 Nc5 26. Qc2 h5 27. 0-0-0 a4 28. b4 Nb3+ 29. Kb1 Nd4 30. Qd2 a3 31. Rgf1 Ba4 32. Nxa4 Rxa4 33. Bd3 a2+ 0-1

[Event "Titled Tuesday intern op 07th Jan Early"]
[Site "Chess.com INT"]
[Date "2025.01.07"]
[Round "9"]
[White "Devaev, Alexander"]
[Black "Matinian, Nikita"]
[Result "0-1"]
[WhiteElo "2306"]
[BlackElo "2415"]
[PlyCount "58"]
[EventDate "2025.01.07"]
[EventType "swiss (blitz)"]
[EventRounds "11"]
[EventCountry "USA"]
[SourceTitle "CB03_2025"]
[SourceDate "2025.01.15"]
[SourceVersion "1"]
[SourceVersionDate "2025.01.15"]
[SourceQuality "1"]

1. d4 Nf6 2. c4 g6 3. Nc3 Bg7 4. e4 d6 5. Nf3 0-0 6. h3 e5 7. d5 a5 8. Bg5 Na6 9. Be2 Nc5 10. Nd2 Qe8 11. g4 Bd7 12. h4 a4 13. h5 Nxg4 14. Bxg4 Nd3+ 15. Kf1 f5 16. exf5 gxf5 17. Be2 Nxb2 18. Qc2 a3 19. Kg2 h6 20. Bh4 e4 21. Rag1 Qe5 22. Kf1 Kh7 23. Nd1 Ba4 24. Qc1 f4 25. Rxg7+ Kxg7 26. Nc3 f3 27. Bd1 Nd3 28. Qb1 Qxc3 29. Nxe4 Qe1# 0-1

[Event "Titled Tuesday intern op 07th Jan Early"]
[Site "Chess.com INT"]
[Date "2025.01.07"]
[Round "2"]
[White "Devaev, Alexander"]
[Black "Mende, Andreas"]
[Result "1-0"]
[WhiteElo "2306"]
[BlackElo "2100"]
[PlyCount "87"]
[EventDate "2025.01.07"]
[EventType "swiss (blitz)"]
[EventRounds "11"]
[EventCountry "USA"]
[SourceTitle "CB03_2025"]
[SourceDate "2025.01.15"]
[SourceVersion "1"]
[SourceVersionDate "2025.01.15"]
[SourceQuality "1"]

1. d4 Nf6 2. c4 g6 3. Nc3 d5 4. Nf3 Bg7 5. Bg5 Ne4 6. cxd5 Nxg5 7. Nxg5 e6 8. Nf3 exd5 9. e3 0-0 10. b4 Re8 11. Be2 Be6 12. 0-0 Nd7 13. Na4 b6 14. Rc1 a5 15. b5 Bg4 16. h3 Bf5 17. Nc3 Nf6 18. a4 Qd7 19. Ne5 Qe6 20. Bf3 Ne4 21. Nc6 g5 22. Nxe4 dxe4 23. Be2 g4 24. Bxg4 Bxg4 25. Qxg4 f5 26. Qg3 Qb3 27. Qxc7 f4 28. Qxf4 Qxa4 29. Qg5 h6 30. Qd5+ Kh8 31. Ra1 Qc2 32. Rac1 Qb2 33. Rb1 Qe2 34. Rfe1 Qd3 35. Rbd1 Qa3 36. Ra1 Qd3 37. Ne7 Rad8 38. Ng6+ Kh7 39. Qf5 Kg8 40. Rac1 Qd2 41. Red1 Qb4 42. Rc7 Qd6 43. Qf7+ Kh7 44. Qxg7# 1-0

[Event "Titled Tuesday intern op 24th Sep Early"]
[Site "Chess.com INT"]
[Date "2024.09.24"]
[Round "1"]
[White "Devaev, Alexander"]
[Black "Seo, Jung Min"]
[Result "0-1"]
[WhiteElo "2325"]
[BlackElo "2505"]
[PlyCount "118"]
[EventDate "2024.09.24"]
[EventType "swiss (blitz)"]
[EventRounds "11"]
[EventCountry "USA"]
[SourceTitle "EXT 2025"]
[Source "ChessBase"]
[SourceDate "2024.10.14"]
[SourceVersion "1"]
[SourceVersionDate "2024.10.14"]
[SourceQuality "1"]

1. d4 d5 2. Nf3 Nf6 3. c4 c6 4. cxd5 cxd5 5. Nc3 Nc6 6. Bf4 a6 7. e3 Bg4 8. Be2 e6 9. 0-0 Be7 10. Rc1 0-0 11. h3 Bh5 12. Ne5 Bxe2 13. Qxe2 Rc8 14. Rc2 Nb4 15. Rcc1 Qa5 16. a3 Nc6 17. Bg5 Rfe8 18. Bxf6 Bxf6 19. Nd3 Be7 20. Rc2 Bd6 21. Rfc1 h6 22. Nb1 Qb5 23. Nc3 Qb3 24. Nb1 Rc7 25. Nd2 Qb5 26. Kf1 Rec8 27. Nf3 g6 28. Nfe1 Kg7 29. Nc5 Qxe2+ 30. Kxe2 Na5 31. Ncd3 Nc4 32. a4 Kf8 33. b3 Na5 34. Rxc7 Rxc7 35. Rxc7 Bxc7 36. Nc5 Bd6 37. Ned3 b6 38. Nxa6 Nxb3 39. Nab4 Ke7 40. Na2 Kd7 41. Nc3 Kc6 42. Nb5 Bb8 43. f3 Na5 44. e4 Nc4 45. Nb4+ Kd7 46. exd5 Nb2 47. dxe6+ fxe6 48. Nc3 Bd6 49. Nd3 Nc4 50. Nb5 Bb8 51. Nb4 Nb2 52. Nc3 Nc4 53. Nd3 Bd6 54. g4 g5 55. Ne4 Be7 56. Nc3 Kc6 57. Nc1 Bb4 58. N3a2 Bd6 59. Nd3 Kd5 0-1

[Event "Titled Tuesday intern op 24th Sep Early"]
[Site "Chess.com INT"]
[Date "2024.09.24"]
[Round "2"]
[White "Tharushi, THD Niklesha"]
[Black "Devaev, Alexander"]
[Result "1-0"]
[WhiteElo "1852"]
[BlackElo "2325"]
[PlyCount "71"]
[EventDate "2024.09.24"]
[EventType "swiss (blitz)"]
[EventRounds "11"]
[EventCountry "USA"]
[SourceTitle "EXT 2025"]
[Source "ChessBase"]
[SourceDate "2024.10.14"]
[SourceVersion "1"]
[SourceVersionDate "2024.10.14"]
[SourceQuality "1"]

1. e4 c6 2. d4 d5 3. e5 Bf5 4. h4 Qb6 5. c3 e6 6. g4 Bxb1 7. Rxb1 c5 8. Be3 Nc6 9. Qa4 cxd4 10. Bxd4 Bc5 11. Nf3 Nge7 12. b4 Bxd4 13. cxd4 0-0 14. b5 Na5 15. Bd3 Rfc8 16. 0-0 Rc3 17. Rfd1 Rac8 18. Qb4 Ng6 19. Ng5 Nxh4 20. Bxh7+ Kh8 21. Qe7 Nf3+ 22. Nxf3 Rxf3 23. Qh4 Rfc3 24. Bg6+ Kg8 25. Qh7+ Kf8 26. Qh8+ Ke7 27. Qxg7 Rf3 28. Rd3 Rf4 29. Bh5 Rxd4 30. Qxf7+ Kd8 31. Rxd4 Qxd4 32. Qxe6 Nc4 33. Re1 Kc7 34. Qf7+ Kb8 35. e6 Ne5 36. Qf6 1-0